000 00640nam a22002177a 4500
003 OSt
005 20140310181920.0
008 130718t xxu||||| |||| 00| 0 eng d
020 _a0873224779
050 _aGV 464.5
_b.W47 1994
082 _aTR 796.44
_bW49 1994
100 _aWerner, Peter H.
_91584
245 _aTeaching children gymnastics :
_b becoming a master teacher /
_cPeter H. Werner.
260 _aCanada :
_b Human KInetics Publishers,
_cc1994.
300 _a145 p. ;
_c28 cm.
521 _aFaculty
541 _j1
562 _e1
650 _2 Gymnastic for children--coaching.
942 _2lcc
_cBK-TR
_kTR
999 _c6963
_d6963